000 nam a22 7a 4500
999 _c128105
_d128105
008 180905b xxu||||| |||| 00| 0 eng d
020 _a9780674979987
050 _aBX830.I869. O43 2018
100 _aO'Malley, John W.
_941998
245 _aVatican 1:
_bthe council and the making of the ultramontane church
_c/by John W. O' Malley.
260 _aLondon:
_bThe belkanap press of Harvard University,
_c2018.
300 _a307p.:
_c22cm.
650 _aVatican council,1st
_941999
942 _2lcc
_cMONOGRAPH